[Event "Open Ricany 2011"]
[Site "http://www.openricany.cz"]
[Date "2011.08.21"]
[Round "2.42"]
[White "Cervenka, Petr"]
[Black "Kucera, Josef"]
[Result "0-1"]
[WhiteElo "1949"]
[BlackElo "1852"]

1. e4 e5 2. Nf3 Nc6 3. Bb5 a6 4. Ba4 Nf6 5. O-O Nxe4 6. Re1 Nc5 7. Bxc6 dxc6
8. Nxe5 Be7 9. d4 Ne6 10. Be3 O-O 11. Nc3 f5 12. f4 g5 13. fxg5 f4 14. g6 fxe3
15. gxh7+ Kxh7 16. Qh5+ Kg8 17. Ng6 Ng7 18. Qh8+ Kf7 19. Rf1+ 0-1

[Event "Open Ricany 2011"]
[Site "http://www.openricany.cz"]
[Date "2011.08.21"]
[Round "2.34"]
[White "Lacina, Filip"]
[Black "Sargsjan, Karen"]
[Result "1/2-1/2"]
[WhiteElo "2059"]
[BlackElo "1889"]

1. d4 e6 2. e4 c5 3. d5 exd5 4. exd5 d6 5. Nf3 Nf6 6. Bb5+ Nbd7 7. O-O Be7
8. Nc3 a6 9. Bxd7+ Bxd7 10. Re1 O-O 11. a4 Re8 12. a5 b5 13. axb6 Qxb6 14. Qd3
Qb7 15. h3 Bb5 16. Nxb5 axb5 17. Rxa8 Rxa8 18. Bg5 h6 19. Bxf6 Bxf6 20. b3 b4
21. Kh2 Bc3 22. Re2 Bf6 23. Nd2 Bd4 24. Qe4 Qc7 25. Nc4 Qd8 26. g3 Qf6 27. Kg2
Rd8 28. Nb6 Qg5 29. f4 Qh5 30. g4 Qh4 31. Qd3 g6 32. Qf3 Rb8 33. Nc4 Rd8 34. Re4
Ra8 35. Qg3 Qd8 36. Qe1 Kg7 37. Qg3 Ra1 38. Re1 Qa8 39. Rxa1 1/2-1/2

[Event "Open Ricany 2011"]
[Site "http://www.openricany.cz"]
[Date "2011.08.21"]
[Round "2.38"]
[White "Plitka Petr"]
[Black "Postupa Martin"]
[Result "0-1"]
[WhiteElo "1864"]
[BlackElo "2005"]

1. d4 d5 2. c4 e6 3. Nf3 Nf6 4. Bg5 Nbd7 5. cxd5 exd5 6. Nc3 Bb4 7. a3 Bxc3+
8. bxc3 c5 9. dxc5 Nxc5 10. Qd4 Nce4 11. Bh4 Qc7 12. Rc1 O-O 13. e3 Be6 14. Bd3
Rfc8 15. O-O Qc5 16. Bxf6 Nxf6 17. Qb4 Rc7 18. Rc2 Rac8 19. Rfc1 Bd7 20. Ne5 g6
21. Qf4 Qe7 22. h3 Ne4 23. c4 g5 24. Qxf7+ Qxf7 25. Nxf7 Kxf7 26. f3 Nf6 27. c5
Ba4 28. Rc3 Bc6 29. Bf5 Re8 30. Kf2 Rce7 31. Rd1 h5 32. Rd4 Re5 33. Bc2 g4
34. Rf4 Kg7 35. hxg4 hxg4 36. fxg4 Ne4+ 37. Bxe4 Rxe4 38. g3 Rf8 39. Rc1 d4
40. Re1 dxe3+ 41. Rxe3 Rfxf4+ 42. gxf4 Rxf4+ 43. Kg3 Rc4 0-1

[Event "Open Ricany 2011"]
[Site "http://www.openricany.cz"]
[Date "2011.08.21"]
[Round "2.41"]
[White "Hronik, Petr"]
[Black "Pribyl, Jaroslav"]
[Result "1/2-1/2"]
[WhiteElo "1966"]
[BlackElo "1864"]

1. Nf3 d5 2. d4 Nf6 3. Bf4 e6 4. e3 Be7 5. Nbd2 Nbd7 6. c3 Nh5 7. Bg3 Nxg3
8. hxg3 c6 9. Bd3 Qc7 10. Qe2 e5 11. e4 exd4 12. Nxd4 Nc5 13. exd5 Nxd3+
14. Qxd3 Qe5+ 15. Kf1 Qxd5 16. Rxh7 O-O 17. Rh2 g6 18. Qe3 Bg5 19. f4 Bf6
20. Qf3 Qxf3+ 21. N4xf3 Bg4 22. Ne4 Bg7 23. Nf2 Be6 24. Rh1 Bc4+ 25. Kg1 Rfe8
26. b3 Ba6 27. Rc1 Re2 28. a4 Rae8 29. c4 Rb2 30. Nd3 Rxb3 31. Nc5 Rxf3 32. Nxa6
Bd4+ 33. Kh2 Rf2 34. Rhd1 Bb6 35. a5 Bxa5 36. Nc5 Ree2 37. Nxb7 Rxg2+ 38. Kh3
Kg7 39. Rh1 Bb4 40. Nd8 c5 41. Rcd1 Rd2 42. Ra1 Ra2 43. Rhd1 Rh2+ 44. Kg4 f5+
45. Kf3 Rhf2+ 46. Ke3 Rfe2+ 47. Kf3 Rf2+ 48. Ke3 Rae2+ 49. Kd3 Rd2+ 50. Ke3 a5
51. Nc6 Bc3 52. Rxd2 Rxd2 53. Nxa5 Rd4 54. Ra4 Bxa5 55. Rxa5 Rxc4 56. Kd3 Rc1
57. Kd2 Rg1 58. Ra3 Rg2+ 59. Ke1 Rb2 60. Ra5 Rb3 61. Rxc5 Rxg3 62. Kf2 Ra3
63. Rb5 Kh6 64. Rb1 Ra4 65. Rg1 Ra3 {Dále neèitelné} 1/2-1/2

[Event "Open Ricany 2011"]
[Site "http://www.openricany.cz"]
[Date "2011.08.21"]
[Round "2.36"]
[White "Pospisil, Martin"]
[Black "Lorenc, Tomas"]
[Result "1-0"]
[WhiteElo "2035"]
[BlackElo "1875"]

1. d4 Nf6 2. Nf3 g6 3. Nc3 d5 4. Bf4 Bg7 5. Qd2 O-O 6. Bh6 b6 7. Bxg7 Kxg7
8. O-O-O Ba6 9. Ne5 e6 10. h4 h5 11. f3 c5 12. g4 c4 13. Bh3 b5 14. a3 Nbd7
15. Nxd7 Qxd7 16. e4 dxe4 17. Nxe4 Nxe4 18. fxe4 Rac8 19. Qc3 Qe7 20. gxh5 Qxh4
21. hxg6 f5 22. exf5 exf5 23. Kb1 Qf6 24. Rdf1 Rcd8 25. Bxf5 Rh8 26. Rh7+ Rxh7
27. gxh7 Bc8 1-0

[Event "Open Ricany 2011"]
[Site "http://www.openricany.cz"]
[Date "2011.08.21"]
[Round "2.48"]
[White "Vrecion, Jiri"]
[Black "Tvrdy, Jindrich"]
[Result "1-0"]
[WhiteElo "1771"]
[BlackElo "1920"]

1. d4 Nf6 2. Nf3 c5 3. dxc5 e6 4. c4 Bxc5 5. e3 O-O 6. Nc3 Bb4 7. Bd2 Bxc3
8. Bxc3 Ne4 9. Bb4 d6 10. Qc2 Nc6 11. Ba3 Qa5+ 12. Nd2 f5 13. f3 Nc5 14. Rc1 Qc7
15. Be2 f4 16. e4 Nd4 17. Qd1 a5 18. Nb3 Nxe2 19. Qxe2 Nxb3 20. axb3 b5 21. b4
axb4 22. Bxb4 bxc4 23. Qd2 Ra6 24. O-O Rc6 25. e5 c3 26. bxc3 Qb6+ 27. Qd4 Bd7
28. Qxb6 Rxb6 29. Bxd6 Ra8 30. c4 Rb2 31. Rf2 Raa2 32. Rxb2 Rxb2 33. c5 Bc6
34. h4 h6 35. h5 g5 36. hxg6 Kg7 37. Rc4 Kxg6 38. Rxf4 Kg5 39. Rf6 Bd5 40. Bf8
Rb1+ 41. Kh2 Re1 42. Bxh6+ Kh4 43. Bd2 Rxe5 44. Rh6+ Rh5 45. g3# 1-0

[Event "Open Ricany 2011"]
[Site "http://www.openricany.cz"]
[Date "2011.08.21"]
[Round "2.44"]
[White "Cap, Adam"]
[Black "Hajek, Jiri"]
[Result "1/2-1/2"]
[WhiteElo "1924"]
[BlackElo "1847"]

1. e4 d5 2. exd5 Nf6 3. d4 Nxd5 4. c4 Nb4 5. Qa4+ N8c6 6. a3 Na6 7. d5 Nc5
8. Qb5 e5 9. dxc6 b6 10. Be3 a6 11. Bxc5 axb5 12. Bxf8 Kxf8 13. cxb5 Be6 14. Nc3
Bb3 15. Nf3 e4 16. Nd2 Bc2 17. Rc1 Bd3 18. Rd1 Qe7 19. Nc4 Rd8 20. Bxd3 exd3+
21. Ne3 d2+ 22. Rxd2 Rxd2 23. Kxd2 g6 24. Rd1 Kg7 25. Ke2 Rd8 26. Rxd8 Qxd8
27. a4 f5 28. Ned5 Kf7 29. b4 Qh4 30. g3 Qc4+ 31. Ke1 g5 32. f4 gxf4 33. gxf4
Qd4 34. Kf1 Qd3+ 35. Kf2 Qd2+ 36. Kg1 1/2-1/2

[Event "Open Ricany 2011"]
[Site "http://www.openricany.cz"]
[Date "2011.08.21"]
[Round "2.27"]
[White "Filip, Vojtech"]
[Black "Vavrinec, Tomas"]
[Result "1-0"]
[WhiteElo "1784"]
[BlackElo "2015"]

1. e4 e6 2. d4 d5 3. exd5 exd5 4. Bd3 Nc6 5. Nf3 Bg4 6. c3 Qd7 7. Be3 Bd6
8. Nbd2 Nge7 9. Qc2 h6 10. h3 Bf5 11. g4 Bxd3 12. Qxd3 O-O-O 13. O-O-O Rde8
14. b4 h5 15. Rhg1 Ng6 16. Qf5 hxg4 17. Qxd7+ Kxd7 18. hxg4 Nd8 19. Nb3 Nh4
20. Nxh4 Rxh4 21. Nc5+ Kc8 22. Nd3 Re4 23. g5 g6 24. Rh1 Ne6 25. Rxh4 Rxh4
26. Rg1 Rh5 27. Nc5 Nf4 28. Rg4 Rh1+ 29. Kc2 Nh5 30. Nd3 Ra1 31. Nc1 Kd7 32. Kb2
Rxc1 33. Kxc1 Ke6 34. Kd2 Kf5 35. Rg1 Ke4 36. f3+ Kf5 37. Kd3 Be7 38. a3 b5
39. a4 a6 40. axb5 axb5 41. Ra1 Ke6 42. Ke2 Kd7 43. Kf2 Bd6 44. Kg2 Be7 45. f4
Bd6 46. Kf3 Ng7 47. f5 Nxf5 48. Bf4 Be7 49. Rh1 c6 50. Rh7 Ke6 51. Rh8 Kd7
52. Ra8 Ng7 53. Ra7+ Kd8 54. Be5 Ne6 55. Bf6 Bxf6 56. gxf6 1-0

[Event "Open Ricany 2011"]
[Site "http://www.openricany.cz"]
[Date "2011.08.21"]
[Round "2.21"]
[White "Voracek, Zdenek"]
[Black "Pycha, Patrik"]
[Result "1-0"]
[WhiteElo "2067"]
[BlackElo "1770"]

1. d4 d5 2. c4 e6 3. Nc3 Nf6 4. Nf3 Be7 5. e3 O-O 6. b3 b6 7. Be2 Bb7 8. O-O
Nbd7 9. Bb2 Rc8 10. Rc1 c5 11. Rc2 Qc7 12. cxd5 exd5 13. Qd3 Rfd8 14. Rfc1 Qb8
15. Qf5 Nf8 16. Na4 cxd4 17. Bxd4 Rxc2 18. Rxc2 Bc8 19. Qd3 g6 20. Qc3 Ne4
21. Qc7 Bd7 22. Qxb8 Rxb8 23. Rc7 Rc8 24. Rxc8 Bxc8 25. Ne5 Bb7 26. Bb5 Bd6
27. Bc6 Bxe5 28. Bxb7 Bxd4 29. exd4 Nd6 30. Bxd5 Nb5 31. Kf1 Nxd4 32. Ke1 Nd7
33. Kd2 Nf6 34. Kd3 Nxd5 35. Kxd4 Nb4 36. Nc3 Kf8 37. Kc4 Nc6 38. Kd5 Nb4+
39. Kd6 Nd3 40. Kc6 Nxf2 41. Kb7 f5 42. Kxa7 Ne4 43. Nd5 b5 44. Kb6 g5 45. Kxb5
f4 46. a4 1-0

[Event "Open Ricany 2011"]
[Site "http://www.openricany.cz"]
[Date "2011.08.21"]
[Round "2.35"]
[White "Vevera, Radek"]
[Black "Krejci, Martin"]
[Result "1-0"]
[WhiteElo "2043"]
[BlackElo "1878"]

1. e4 c5 2. Nf3 d6 3. d4 cxd4 4. Nxd4 Nf6 5. Nc3 a6 6. h3 e6 7. Be3 Nc6 8. g4
h6 9. Bg2 Qc7 10. f4 Be7 11. Qf3 Bd7 12. O-O-O Rc8 13. Rhe1 b5 14. Kb1 Nxd4
15. Rxd4 d5 16. exd5 Nxd5 17. Nxd5 Qxc2+ 18. Ka1 exd5 19. Rdd1 O-O 20. Bd4 Bb4
21. Rg1 Rfe8 22. g5 hxg5 23. Qh5 Bc3 24. Bxc3 Rxc3 25. Bxd5 g6 26. Bxf7+ Kg7
27. Bxg6 1-0

[Event "Open Ricany 2011"]
[Site "http://www.openricany.cz"]
[Date "2011.08.21"]
[Round "2.10"]
[White "Svitak, David"]
[Black "Vojta, Pavel"]
[Result "1/2-1/2"]
[WhiteElo "2015"]
[BlackElo "2175"]

1. e4 c5 2. Nf3 e6 3. d4 cxd4 4. Nxd4 a6 5. Nc3 Qc7 6. Be3 Nf6 7. Bd3 Be7
8. O-O O-O 9. f4 d6 10. g4 Nc6 11. g5 Nxd4 12. Bxd4 Nd7 13. Qh5 e5 14. Nd5 Qd8
15. fxe5 Nxe5 16. Bxe5 dxe5 17. h4 Be6 18. Bc4 Rc8 19. Bb3 Bxd5 20. Bxd5 Qb6+
21. Kh1 g6 22. Qe2 1/2-1/2

[Event "Open Ricany 2011"]
[Site "http://www.openricany.cz"]
[Date "2011.08.21"]
[Round "2.17"]
[White "Kubik, Frantisek"]
[Black "Vanka, Miloslav"]
[Result "1-0"]
[WhiteElo "1987"]
[BlackElo "2120"]

1. c4 f5 2. d4 Nf6 3. Nc3 e6 4. Bg5 Be7 5. Nf3 d5 6. Bxf6 Bxf6 7. e3 O-O 8. c5
b6 9. b4 bxc5 10. bxc5 c6 11. Qa4 Qc7 12. Bd3 Nd7 13. Rc1 e5 14. Bxf5 Nxc5
15. Bxh7+ Kxh7 16. dxc5 e4 17. Nd4 Bd7 18. Nce2 Be5 19. f4 exf3 20. Nxf3 Rf6
21. Nxe5 Qxe5 22. Qh4+ Kg8 23. Qd4 Qf5 24. Kd2 Qg5 25. h4 Qh5 26. Rcf1 Raf8
27. Rxf6 Rxf6 28. Nf4 Qg4 29. Rb1 Qxh4 30. Rb8+ Kh7 31. Rh8+ Kxh8 32. Ng6+ 1-0

[Event "Open Ricany 2011"]
[Site "http://www.openricany.cz"]
[Date "2011.08.21"]
[Round "2.20"]
[White "Hampel, Rudolf"]
[Black "Janicek, Jindrich"]
[Result "0-1"]
[WhiteElo "1837"]
[BlackElo "2077"]

1. e4 c5 2. Nc3 e6 3. g3 d5 4. exd5 exd5 5. Bg2 Nf6 6. Nge2 d4 7. Ne4 Nxe4
8. Bxe4 Nd7 9. d3 Nf6 10. Bg2 Bd6 11. O-O O-O 12. Bf4 Bg4 13. Bxd6 Qxd6 14. Qd2
Nd5 15. h3 Be6 16. Kh2 f5 17. c4 dxc3 18. Nxc3 Rad8 19. Nxd5 Bxd5 20. Bxd5+ Qxd5
21. Rac1 b6 22. Rfd1 Rfe8 23. Rc3 Re4 24. Qc2 Rd4 25. Ra3 Rd7 26. Qe2 h6 27. Qh5
Qf7 28. Qf3 f4 29. g4 Qe8 30. Rc3 Qd8 31. Rc2 c4 32. Rcc1 Rxd3 33. Qxf4 Qh4
34. f3 R7d4 35. Qf5 Rd2+ 0-1

[Event "Open Ricany 2011"]
[Site "http://www.openricany.cz"]
[Date "2011.08.21"]
[Round "2.26"]
[White "Liuba, Volodymyr"]
[Black "Havelka, Petr"]
[Result "1-0"]
[WhiteElo "2116"]
[BlackElo "1915"]

1. e4 d5 2. exd5 Qxd5 3. Nc3 Qa5 4. d4 Nf6 5. Nf3 Bg4 6. h3 Bxf3 7. Qxf3 c6
8. Bd3 e6 9. Bd2 Qb6 10. O-O-O Nbd7 11. Rhe1 O-O-O 12. Bf4 Bb4 13. Bc4 Nd5
14. Bxd5 exd5 15. Bg3 f6 16. Re6 Bxc3 17. bxc3 Rde8 18. Rde1 Qd8 19. Qf4 Rxe6
20. Rxe6 g5 21. Qd6 f5 22. Be5 Nxe5 23. Qxe5 f4 24. Re7 h6 25. Qe6+ Kb8 26. Qf7
Qc8 27. Qg7 Re8 28. Qe5+ 1-0

[Event "Open Ricany 2011"]
[Site "http://www.openricany.cz"]
[Date "2011.08.21"]
[Round "2.22"]
[White "Rihova, Kamila"]
[Black "Petras, Milan"]
[Result "1-0"]
[WhiteElo "1631"]
[BlackElo "2064"]

1. e4 d6 2. d4 Nf6 3. Bd3 g6 4. b3 Bg7 5. Bb2 O-O 6. Nd2 c6 7. Ngf3 Bg4 8. h3
Bxf3 9. Nxf3 Nbd7 10. O-O e5 11. dxe5 Nh5 12. Bc4 Nb6 13. Rb1 Nxc4 14. bxc4 dxe5
15. Bxe5 Bxe5 16. Nxe5 Re8 17. Ng4 Rxe4 18. Rxb7 Qf8 19. Qd3 Re7 20. Rxe7 Qxe7
21. Rd1 Re8 22. Kf1 Nf4 23. Qd4 h5 24. Nf6+ Kf8 25. Nxe8 Qe2+ 26. Kg1 Qxc2
27. Qh8+ Ke7 28. Qf6+ Kf8 29. Re1 Ne2+ 30. Kf1 Qxc4 31. Rxe2 1-0

[Event "Open Ricany 2011"]
[Site "http://www.openricany.cz"]
[Date "2011.08.21"]
[Round "2.30"]
[White "Cerny, Michal"]
[Black "Boucek, Vlastimil"]
[Result "0-1"]
[WhiteElo "1806"]
[BlackElo "1984"]

1. e4 Nf6 2. e5 Nd5 3. c4 Nb6 4. d4 d6 5. exd6 cxd6 6. Nc3 Bf5 7. Be3 e6 8. Bd3
Bxd3 9. Qxd3 Be7 10. Nf3 O-O 11. O-O d5 12. b3 Nc6 13. c5 Nc8 14. Rab1 Bf6
15. Rfd1 N8e7 16. b4 Nf5 17. a4 Qc7 18. Qd2 Bd8 19. Bf4 Qe7 20. Re1 Qf6 21. Bg5
Qg6 22. Bxd8 Rfxd8 23. b5 Nce7 24. Ne5 Qf6 25. a5 Ng6 26. a6 bxa6 27. bxa6 Nxe5
28. Rxe5 Ne7 29. Re3 Nc6 30. Ne2 e5 31. dxe5 Nxe5 32. Qd4 Qf5 33. Reb3 Nc6
34. Qd2 d4 35. Rd1 Qxc5 36. Rd3 Rab8 37. g3 Ne5 38. Rc1 Qd5 39. Nf4 Qe4 40. Re1
Nf3+ 41. Rxf3 Qxf3 42. Qa2 Qb3 43. Qd2 Qc3 44. Qe2 d3 45. Qe3 Qd4 46. Qd2 Rb2
47. Qxd3 Qxf2+ 0-1

[Event "Open Ricany 2011"]
[Site "http://www.openricany.cz"]
[Date "2011.08.21"]
[Round "2.32"]
[White "Grecny, Karol"]
[Black "Sedivy, Ondrej"]
[Result "1-0"]
[WhiteElo "1975"]
[BlackElo "1782"]

1. e4 e6 2. d4 d5 3. exd5 exd5 4. c4 dxc4 5. Bxc4 Bd6 6. Nf3 Nf6 7. O-O O-O
8. Bg5 Nbd7 9. Nc3 Nb6 10. Bb3 Bg4 11. Re1 h6 12. Bh4 Be7 13. h3 Bh5 14. Qd3 Kh8
15. Ne5 Nfd5 16. Nxd5 Bxh4 17. Nf4 Qg5 18. Nxh5 Qxh5 19. g4 Qg5 20. Bxf7 g6
21. Qxg6 Qxg6 22. Nxg6+ Kg7 23. Nxh4 Rxf7 24. Nf5+ Kf6 25. Re4 h5 26. Rae1 hxg4
27. hxg4 Nd5 28. Kg2 Rh8 29. Kg3 Rfh7 30. Kf3 Rh2 31. Re5 c6 32. Ng3 R8h3
33. R1e4 Nb4 34. Rf4+ Kg6 35. Re6+ Kg7 36. Ke4 Nd5 37. Rf3 Rg2 38. Nh5+ Rxh5
39. gxh5 Rg4+ 40. Ke5 Rg5+ 41. Rf5 Rg1 42. Rg6+ 1-0

[Event "Open Ricany 2011"]
[Site "http://www.openricany.cz"]
[Date "2011.08.21"]
[Round "3.28"]
[White "Hadrava, Jaroslav"]
[Black "Koper, Stefan"]
[Result "1/2-1/2"]
[WhiteElo "1890"]
[BlackElo "2031"]

1. e4 g6 2. d4 d5 3. exd5 Qxd5 4. Nc3 Qd8 5. Bc4 Bg7 6. Nf3 Nf6 7. h3 O-O
8. O-O Nbd7 9. a3 Nb6 10. Ba2 c6 11. Be3 e6 12. Qd2 Nbd5 13. Bxd5 exd5 14. Bh6
Bf5 15. Bxg7 Kxg7 16. Rfe1 Re8 17. Rxe8 Nxe8 18. g4 Bd7 19. Qe3 h6 20. Re1 Be6
21. Ne2 Qf6 22. Nf4 Nc7 23. Qe5 Qxe5 24. Rxe5 g5 25. Nd3 f6 26. Re1 Re8 27. c3
Kf7 28. Nd2 h5 29. f3 Rh8 30. Kg2 b6 31. Nb3 a5 32. Nd2 Nb5 33. Rh1 Nd6 34. Re1
Bc8 35. Re3 Be6 36. Re1 Rc8 37. Nb3 Nc4 38. Re2 Rh8 39. Nd2 hxg4 40. hxg4 Nd6
41. Re1 Re8 42. Kf2 a4 43. Kg2 Rc8 44. Kg3 c5 45. dxc5 bxc5 46. Re2 Bd7 47. Rh2
Kg7 48. Re2 Bb5 49. Re6 Nf7 50. Nf2 Rb8 51. Nd1 Kg6 52. Kf2 Bd3 53. Rc6 c4
54. Ra6 Ne5 55. Ke3 Bc2 56. Ke2 Bxd1+ 57. Kxd1 Nd3 58. Ra5 Re8 59. Nxc4 dxc4
60. Kd2 Rh8 61. Rxa4 Rh2+ 62. Ke3 Nxb2 63. Rb4 Nd1+ 64. Kd4 Rc2 65. Rxc4 Rd2+
66. Ke4 Ra2 67. Rc8 Rxa3 68. c4 Nf2+ 69. Kd5 Rxf3 70. c5 Rd3+ 71. Ke6 Re3+
72. Kd5 Re5+ 73. Kd4 Re4+ 74. Kd5 Rxg4 75. c6 Nd3 76. Rg8+ Kf7 77. c7 Nb4+
78. Kd6 Rd4+ 79. Kc5 Na6+ 80. Kxd4 Nxc7 81. Rb8 Ne6+ 82. Ke4 Kg6 83. Rb6 Nc5+
84. Kd4 Nd7 85. Rd6 Ne5 86. Ke4 Ng4 87. Kf3 Kh5 88. Ke4 Kg6 89. Kf3 Kf5 90. Ra6
Ne5+ 91. Kg3 g4 92. Ra5 Ke6 93. Kf4 Kf7 94. Kf5 g3 95. Ra7+ Kf8 96. Ra3 g2
97. Rg3 Nf3 98. Kxf6 g1=Q 99. Rxg1 Nxg1 1/2-1/2

[Event "Open Ricany 2011"]
[Site "http://www.openricany.cz"]
[Date "2011.08.21"]
[Round "3.31"]
[White "Eisner, Oldrich"]
[Black "Prochazka, Petr"]
[Result "0-1"]
[WhiteElo "1822"]
[BlackElo "2008"]

1. c4 e5 2. Nc3 Nf6 3. g3 d5 4. cxd5 Nxd5 5. Bg2 Nb6 6. Nf3 Nc6 7. O-O Be7
8. d3 O-O 9. a3 Be6 10. b4 f6 11. Bb2 a6 12. Na4 Nxa4 13. Qxa4 Qd7 14. Qc2 Bh3
15. Bxh3 Qxh3 16. d4 exd4 17. Nxd4 Nxd4 18. Bxd4 Bd6 19. e4 Qe6 20. f4 a5
21. Bc5 Rfe8 22. Rfe1 axb4 23. Bxb4 Bxb4 24. axb4 Rxa1 25. Rxa1 Qxe4 26. Qxe4
Rxe4 27. b5 Rc4 28. Rb1 b6 29. f5 Rc5 30. g4 h5 31. h3 hxg4 32. hxg4 Rc4 33. Kf2
Rxg4 34. Re1 Rf4+ 0-1

[Event "Open Ricany 2011"]
[Site "http://www.openricany.cz"]
[Date "2011.08.21"]
[Round "3.22"]
[White "Kaiser, Rudolf"]
[Black "Framberk, Jan"]
[Result "1-0"]
[WhiteElo "1949"]
[BlackElo "2062"]

1. f4 c5 2. Nf3 Nc6 3. e3 g6 4. Bb5 Bg7 5. O-O e6 6. Bxc6 bxc6 7. d3 Rb8 8. Nc3
Ne7 9. e4 d6 10. Qe1 O-O 11. Qh4 f5 12. Kh1 c4 13. Qf2 Qc7 14. e5 dxe5 15. fxe5
cxd3 16. cxd3 Qb6 17. Be3 Qxb2 18. Bxa7 Qxf2 19. Rxf2 Rb7 20. Bc5 Rd8 21. d4 Nd5
22. Nxd5 Rxd5 23. h3 Bf8 24. Bxf8 Kxf8 25. Rc2 Bd7 26. Rc4 Rb2 27. a4 Ra5
28. Kh2 c5 29. Rxc5 Rxa4 30. Rxa4 Bxa4 31. Ng5 Bb3 32. Rb5 Ke7 33. Rb7+ Ke8
34. Rb8+ Kd7 35. Nxh7 Kc7 36. Rb4 Rb1 37. Nf8 Ba2 38. Rxb1 Bxb1 39. Nxe6+ Kc6
40. Nf4 g5 41. d5+ Kd7 42. Ne2 g4 43. Kg3 Be4 44. Nc3 gxh3 45. gxh3 Bxd5
46. Nxd5 Ke6 47. Kf4 1-0

[Event "Open Ricany 2011"]
[Site "http://www.openricany.cz"]
[Date "2011.08.21"]
[Round "3.48"]
[White "Berg, Antonin"]
[Black "Danilov, Viacheslav"]
[Result "1-0"]
[WhiteElo "1867"]
[BlackElo "1922"]

1. e4 e5 2. Nf3 Nc6 3. Bb5 Nf6 4. O-O d6 5. Re1 Be7 6. c3 O-O 7. h3 Bd7 8. d4
a6 9. Ba4 b5 10. Bc2 Ne8 11. Nbd2 f5 12. exf5 Bxf5 13. Bb3+ Kh8 14. Bd5 Qd7
15. dxe5 dxe5 16. Bxc6 Qxc6 17. Nxe5 Qb6 18. Ndf3 Bc5 19. Be3 Bxe3 20. Rxe3 Nd6
21. Qe2 Rad8 22. Re1 Be6 23. Ng6+ hxg6 24. Rxe6 Rde8 25. Qd3 Qc5 26. Qxg6 Rxe6
27. Rxe6 Qf5 28. Qxf5 Rxf5 29. Nd4 Rf7 30. b3 Kg8 31. f3 Rd7 32. Nc6 Kf7 33. Re2
Kf6 34. Nb8 Rd8 35. Nxa6 Nf5 36. Kf2 c6 37. Nc5 Rd1 38. g4 Nh4 39. f4 Rc1
40. Ne4+ Kf7 41. Kg3 Ng6 42. f5 Ne7 43. Nd6+ Kf8 44. c4 bxc4 45. Nxc4 Nd5
46. Re6 Rc3+ 47. Kh4 c5 48. Rc6 Nb4 49. Rxc5 Nxa2 50. Rc7 Rxb3 51. Ne5 Re3
52. Ng6+ Ke8 53. Rxg7 Nc3 54. f6 Rf3 55. Re7+ Kd8 56. f7 Rf6 57. Re8+ 1-0

[Event "Open Ricany 2011"]
[Site "http://www.openricany.cz"]
[Date "2011.08.21"]
[Round "3.39"]
[White "Vavrinec, Tomas"]
[Black "Burianek, Petr"]
[Result "0-1"]
[WhiteElo "2015"]
[BlackElo "1892"]

1. c4 Nf6 2. Nc3 e5 3. Nf3 Nc6 4. g3 Bb4 5. Nd5 Bc5 6. Bg2 d6 7. O-O O-O 8. a3
Nxd5 9. cxd5 Nd4 10. Ne1 Bg4 11. Nf3 Nxf3+ 12. exf3 Bf5 13. b4 Bd4 14. Ra2 Bd3
15. Re1 Bc4 16. Qc2 Bxd5 17. d3 Bxa2 0-1

[Event "Open Ricany 2011"]
[Site "http://www.openricany.cz"]
[Date "2011.08.21"]
[Round "3.17"]
[White "Filip, Vojtech"]
[Black "Ambroz, Antonin"]
[Result "1/2-1/2"]
[WhiteElo "1784"]
[BlackElo "2054"]

1. e4 c5 2. Nc3 Nc6 3. g3 g6 4. Bg2 Bg7 5. Nge2 d6 6. d3 e6 7. Be3 Nge7 8. O-O
O-O 9. f4 Nd4 10. Qd2 a6 11. Nd1 d5 12. c3 Nxe2+ 13. Qxe2 d4 14. Bd2 Bd7 15. c4
Qc7 16. Nf2 f6 1/2-1/2

[Event "Open Ricany 2011"]
[Site "http://www.openricany.cz"]
[Date "2011.08.21"]
[Round "3.37"]
[White "Marik, Miroslav"]
[Black "Vrecion, Jiri"]
[Result "0-1"]
[WhiteElo "1988"]
[BlackElo "1771"]

1. e4 e5 2. Nf3 Nc6 3. Bb5 d6 4. O-O Nf6 5. Re1 Be7 6. c3 O-O 7. h3 Bd7 8. d4
exd4 9. cxd4 d5 10. Bxc6 bxc6 11. e5 Ne4 12. Nc3 Nxc3 13. bxc3 Bf5 14. Nh2 c5
15. g4 Bg6 16. f4 Be4 17. Be3 c4 18. g5 Qd7 19. Ng4 Rfb8 20. Nf2 Bf5 21. Re2 Rb6
22. Kh2 Rab8 23. Bc1 h6 24. gxh6 Rxh6 25. Re3 g6 26. Rg3 Bh4 27. Ng4 Bxg3+
28. Kxg3 Bxg4 29. hxg4 Rh7 30. Qf3 Qe7 31. g5 Qe6 32. f5 Qxf5 33. Qxf5 gxf5
34. Kf4 Rh1 35. Kxf5 Rf1+ 36. Kg4 Kg7 0-1

[Event "Open Ricany 2011"]
[Site "http://www.openricany.cz"]
[Date "2011.08.21"]
[Round "3.50"]
[White "Kucera, Josef"]
[Black "Paukert, Jan"]
[Result "0-1"]
[WhiteElo "1852"]
[BlackElo "1911"]

1. Nf3 d5 2. g3 Nf6 3. Bg2 g6 4. O-O c5 5. d3 Bg7 6. c4 O-O 7. cxd5 Nxd5 8. Qc2
Nd7 9. Nc3 Nb4 10. Qd1 Rb8 11. a3 Nc6 12. Nd2 Nd4 13. e3 Nf5 14. Nc4 b6 15. Nb5
a6 16. Na7 Bb7 17. Nc6 Bxc6 18. Bxc6 b5 19. Bxd7 Qxd7 20. Na5 Rbd8 21. Nb3 c4
22. Nc5 Qc6 23. Ne4 Rxd3 24. Qf3 Qd5 25. Rb1 Nd6 0-1

[Event "Open Ricany 2011"]
[Site "http://www.openricany.cz"]
[Date "2011.08.21"]
[Round "3.11"]
[White "Juptner, Jan"]
[Black "Svitak, David"]
[Result "1-0"]
[WhiteElo "2293"]
[BlackElo "2015"]

1. d4 Nf6 2. c4 g6 3. Nc3 d5 4. cxd5 Nxd5 5. e4 Nxc3 6. bxc3 Bg7 7. Bc4 c5
8. Ne2 Nc6 9. Be3 b6 10. O-O O-O 11. Qd2 Bb7 12. Rac1 e5 13. Bd5 Na5 14. dxc5
Bxd5 15. Qxd5 Qxd5 16. exd5 bxc5 17. c4 Rfc8 18. Bd2 Nb7 19. Nc3 Nd6 20. Nb5 Ne4
21. Ba5 a6 22. Na3 Rab8 23. Rb1 Nd6 1-0

[Event "Open Ricany 2011"]
[Site "http://www.openricany.cz"]
[Date "2011.08.21"]
[Round "3.12"]
[White "Pavlicek, Petr"]
[Black "Balacek, Tadeas"]
[Result "0-1"]
[WhiteElo "2013"]
[BlackElo "2251"]

1. e4 e6 2. d4 d5 3. Nd2 c5 4. Ngf3 cxd4 5. exd5 Qxd5 6. Bc4 Qd6 7. O-O Nf6
8. Nb3 Nc6 9. Nbxd4 Nxd4 10. Nxd4 a6 11. c3 Qc7 12. Qe2 Bd6 13. h3 O-O 14. Bd3
Bd7 15. c4 Rad8 16. Bg5 Bh2+ 17. Kh1 Bf4 18. Bxf4 Qxf4 19. Rad1 e5 20. Nb3 e4
21. Bb1 Bg4 22. f3 exf3 23. gxf3 Bxh3 24. Rg1 Rxd1 25. Rxd1 Re8 26. Qd3 Qg3
27. Rg1 Bg2+ 0-1

[Event "Open Ricany 2011"]
[Site "http://www.openricany.cz"]
[Date "2011.08.21"]
[Round "3.43"]
[White "Sedivy, Ondrej"]
[Black "Cap, Adam"]
[Result "1/2-1/2"]
[WhiteElo "1782"]
[BlackElo "1934"]

1. c4 Nf6 2. Nc3 g6 3. Nf3 Bg7 4. d4 O-O 5. e4 d6 6. Be2 e5 7. dxe5 dxe5
8. Qxd8 Rxd8 9. Bg5 Re8 10. O-O c6 11. Rad1 Nbd7 12. Rd6 h6 13. Bh4 g5 14. Bg3
Nh5 15. Rfd1 Nxg3 16. hxg3 Nc5 17. Nh2 Ne6 18. R6d2 Nd4 19. Bg4 Ne6 20. Bf5 h5
21. Nf3 g4 22. Ne1 Bh6 23. Rd6 Bf8 24. R6d2 Bh6 25. Rd6 Bf8 26. R6d2 Bh6 1/2-1/2